000 00338nam a2200145Ia 4500
008 230312s9999||||xx |||||||||||||| ||und||
020 _a1119952411
082 _a332.642
_bABE-M
100 _aHolden;Greg
245 0 _aMicrosoft Office Live
260 _bWiley
_aUK
_c2012
300 _a238
650 _aComputer
_vComputer
942 _cBK
999 _c15633
_d15633